000
00341 a2200157 4500
001
179345
020
_a
040
_c
Magnum
100
_a
Machado, Ana Maria
240
1
0
_a
Era uma vez um tirano
_l
por
245
1
0
_a
Era uma vez um tirano
362
0
_a
1899
440
1
_a
Salamandra
697
_a
MAGNITO: IJ/PARADIDATICO
942
_c
BK
999
_c
179345
_d
179345